[Event "Barbera del Valles"]
[Site "XXXI Open del Valles"]
[Date "2008.07.04"]
[Round "1"]
[White "Sadrija, Enver"]
[Black "Bruzon Batista, Lazaro"]
[Result "0-1"]
[WhiteElo "2265"]
[BlackElo "2592"]
[PlyCount "66"]
[EventDate "2008.07.??"]
[EventType "swiss"]
[EventRounds "9"]
[EventCountry "ESP"]
[SourceDate "2008.07.04"]

1. d4 Nf6 2. Nc3 d5 3. Nf3 Bf5 4. Bf4 e6 5. a3 Be7 6. e3 O-O 7. h3 Nbd7 8. Bd3
Bxd3 9. cxd3 c5 10. dxc5 Nxc5 11. O-O Qb6 12. b4 Ncd7 13. Qb3 Rfc8 14. Na4 Qa6
15. e4 dxe4 16. b5 Qa5 17. Bd2 Qd8 18. dxe4 Nxe4 19. Be3 Nef6 20. Rad1 Nd5 21.
Rfe1 N7f6 22. Rd4 Qe8 23. Bg5 h6 24. Bxf6 Nxf6 25. Ne5 Rd8 26. Rf4 Rac8 27. Nb2
Rd5 28. a4 Rxe5 29. Rxe5 Rc1+ 30. Kh2 Bd6 31. Nd3 Qb8 32. Rh4 Bxe5+ 33. f4 Rc3
0-1

[Event "Barbera del Valles"]
[Site "XXXI Open del Valles"]
[Date "2008.07.04"]
[Round "1"]
[White "Narciso Dublan, Marc"]
[Black "Tsatsalashvili, Keti"]
[Result "1-0"]
[WhiteElo "2525"]
[BlackElo "2271"]
[PlyCount "91"]
[EventDate "2008.07.??"]
[EventType "swiss"]
[EventRounds "9"]
[EventCountry "ESP"]
[SourceDate "2008.07.04"]

1. e4 c6 2. d4 d5 3. Nd2 dxe4 4. Nxe4 Bf5 5. Nc5 Nd7 6. Nxb7 Qb6 7. Nc5 Nxc5 8.
dxc5 Qxc5 9. c3 e6 10. Qa4 Qb6 11. Be3 Bc5 12. Bxc5 Qxc5 13. Nf3 Rb8 14. O-O-O
Qb6 15. Rd2 Ne7 16. Ne5 Qc7 17. Nc4 O-O 18. Qa5 Qxa5 19. Nxa5 Rfd8 20. Rxd8+
Rxd8 21. Bc4 Kf8 22. Bb3 Ke8 23. Ba4 Rd6 24. Re1 f6 25. f4 h6 26. Nb7 Rd7 27.
Nc5 Rd6 28. g3 g5 29. g4 Rd5 30. Nxe6 Bxe6 31. Rxe6 Rc5 32. fxg5 Rxg5 33. Rxf6
Rxg4 34. Bxc6+ Nxc6 35. Rxc6 Rg1+ 36. Kc2 Rg2+ 37. Kb3 Rxh2 38. Ra6 h5 39. Rxa7
h4 40. a4 Kd8 41. Rh7 Kc8 42. c4 h3 43. a5 Kb8 44. Ka3 Rh1 45. Kb4 h2 46. Kb5
1-0

[Event "Barbera del Valles"]
[Site "XXXI Open del Valles"]
[Date "2008.07.04"]
[Round "1"]
[White "Corrales Jimenez, Fidel"]
[Black "Barbero Senidic, Alejandro"]
[Result "1-0"]
[WhiteElo "2504"]
[BlackElo "2244"]
[PlyCount "61"]
[EventDate "2008.07.??"]
[EventType "swiss"]
[EventRounds "9"]
[EventCountry "ESP"]
[SourceDate "2008.07.04"]

1. e4 e6 2. d4 d5 3. e5 c5 4. c3 Nc6 5. Nf3 Bd7 6. Be2 cxd4 7. cxd4 Nge7 8. a3
Nf5 9. Nc3 h5 10. h4 a6 11. b4 b5 12. Be3 Be7 13. Bd3 Nxe3 14. fxe3 Qb6 15. O-O
Rc8 16. Qe1 Rc7 17. Rc1 Kd8 18. Qg3 g6 19. Ng5 Bxg5 20. Qxg5+ Kc8 21. Ne2 Nd8
22. Rxc7+ Kxc7 23. Nc1 Re8 24. Nb3 Kb8 25. Rc1 Bc8 26. Qf6 Qb7 27. Nc5 Qe7 28.
Qf4 Rg8 29. a4 g5 30. hxg5 bxa4 31. Bxa6 1-0

[Event "Barbera del Valles"]
[Site "XXXI Open del Valles"]
[Date "2008.07.04"]
[Round "1"]
[White "Fluvia Poyatos, Jordi"]
[Black "Ravot, Sylvain"]
[Result "1-0"]
[WhiteElo "2500"]
[BlackElo "2236"]
[PlyCount "47"]
[EventDate "2008.07.??"]
[EventType "swiss"]
[EventRounds "9"]
[EventCountry "ESP"]
[SourceDate "2008.07.04"]

1. e4 c5 2. Nf3 e6 3. b3 a6 4. Bb2 Qc7 5. g3 b6 6. Bg2 Bb7 7. Nc3 Nf6 8. Qe2
Nc6 9. O-O d6 10. Rad1 Be7 11. d4 cxd4 12. Nxd4 O-O 13. a4 Rfc8 14. Rfe1 Nxd4
15. Rxd4 b5 16. axb5 axb5 17. Nxb5 Qxc2 18. Nxd6 Bxd6 19. Rxd6 Nxe4 20. Bxe4
Bxe4 21. Rd2 f5 22. f3 Qc5+ 23. Bd4 Bxf3 24. Qxe6+ 1-0

[Event "Barbera del Valles"]
[Site "XXXI Open del Valles"]
[Date "2008.07.04"]
[Round "1"]
[White "Pap, Misa"]
[Black "Obon Temprano, Sergi"]
[Result "1-0"]
[WhiteElo "2495"]
[BlackElo "2211"]
[PlyCount "129"]
[EventDate "2008.07.??"]
[EventType "swiss"]
[EventRounds "9"]
[EventCountry "ESP"]
[SourceDate "2008.07.04"]

1. e4 e5 2. Nf3 Nc6 3. Bc4 Nf6 4. d4 exd4 5. e5 d5 6. Bb5 Ne4 7. Nxd4 Bd7 8.
Bxc6 bxc6 9. O-O Bc5 10. f3 Ng5 11. Be3 O-O 12. f4 Ne4 13. Nd2 Nxd2 14. Qxd2 f6
15. Nb3 Bb6 16. Bc5 fxe5 17. fxe5 Qe7 18. Qc3 Rxf1+ 19. Rxf1 Rf8 20. Rxf8+ Qxf8
21. Qe3 Bc8 22. h3 Qe8 23. a4 Bf5 24. a5 Bxc2 25. axb6 axb6 26. Ba3 Bxb3 27.
Qxb3 Qxe5 28. Qc3 d4 29. Qxc6 Qe3+ 30. Kh2 Qe5+ 31. g3 Qe2+ 32. Qg2 Qe5 33.
Qa8+ Kf7 34. Qf3+ Ke8 35. Bb4 c5 36. Bd2 h6 37. h4 Ke7 38. Kg2 g5 39. h5 Kd6
40. Qf7 Qe2+ 41. Qf2 Qxh5 42. Qf8+ Kd5 43. Qf5+ Kd6 44. Bf4+ Ke7 45. Qe4+ Kd7
46. Qd5+ Ke8 47. Qe6+ Kf8 48. Bd6+ Kg7 49. Be5+ Kf8 50. g4 Qf7 51. Qxh6+ Ke8
52. Qxg5 Qd5+ 53. Kf2 Qe4 54. Qf5 Qe3+ 55. Kg2 Qe2+ 56. Kg3 Qxb2 57. Qe6+ Kd8
58. Qd6+ Ke8 59. Qc6+ Ke7 60. Bd6+ Kf7 61. Qd5+ Kg7 62. Qg5+ Kh7 63. Qf5+ Kg7
64. Be5+ Kg8 65. Qg6+ 1-0

[Event "Barbera del Valles"]
[Site "XXXI Open del Valles"]
[Date "2008.07.04"]
[Round "1"]
[White "Leks, Hanna"]
[Black "Barsov, Alexei"]
[Result "1/2-1/2"]
[WhiteElo "2193"]
[BlackElo "2481"]
[PlyCount "47"]
[EventDate "2008.07.??"]
[EventType "swiss"]
[EventRounds "9"]
[EventCountry "ESP"]
[SourceDate "2008.07.04"]

1. e4 e6 2. Nf3 d5 3. Nc3 Nf6 4. e5 Nfd7 5. d4 c5 6. dxc5 Nc6 7. Bf4 Be7 8. Bd3
Nxc5 9. Qe2 a6 10. O-O Bd7 11. a3 g5 12. Bd2 Nxd3 13. cxd3 h5 14. h4 g4 15. Ng5
Nd4 16. Qd1 Nf5 17. g3 Qb6 18. Ne2 Bc6 19. b4 Rd8 20. Rb1 Rd7 21. a4 d4 22. Qb3
Bd5 23. Qb2 O-O 24. Nf4 1/2-1/2

[Event "Barbera del Valles"]
[Site "XXXI Open del Valles"]
[Date "2008.07.04"]
[Round "1"]
[White "Gonzalez Vidal, Yuri"]
[Black "Butuc, Maria"]
[Result "1-0"]
[WhiteElo "2464"]
[BlackElo "2188"]
[PlyCount "53"]
[EventDate "2008.07.??"]
[EventType "swiss"]
[EventRounds "9"]
[EventCountry "ESP"]
[SourceDate "2008.07.04"]

1. e4 c6 2. d4 d5 3. e5 Bf5 4. Nf3 e6 5. Be2 Nd7 6. O-O Ne7 7. a3 c5 8. dxc5
Nc6 9. b4 a5 10. Nd4 axb4 11. Nxf5 exf5 12. Bb2 bxa3 13. Nxa3 Nxc5 14. Nb5 Rxa1
15. Qxa1 Be7 16. Nd6+ Bxd6 17. exd6 f6 18. Bh5+ Kf8 19. Rd1 Ne4 20. Rxd5 g6 21.
Bf3 Kg7 22. Bxe4 fxe4 23. Rb5 b6 24. Rxb6 Qxb6 25. Bxf6+ Kf7 26. Bxh8 Qa5 27.
Qf6+ 1-0

[Event "Barbera del Valles"]
[Site "XXXI Open del Valles"]
[Date "2008.07.04"]
[Round "1"]
[White "Ipatov, Alexander"]
[Black "Esquivel, Luis"]
[Result "1-0"]
[WhiteElo "2433"]
[BlackElo "2178"]
[PlyCount "89"]
[EventDate "2008.07.??"]
[EventType "swiss"]
[EventRounds "9"]
[EventCountry "ESP"]
[SourceDate "2008.07.04"]

1. d4 Nf6 2. c4 e6 3. Nc3 Bb4 4. e3 O-O 5. Nge2 b6 6. a3 Be7 7. Nf4 Bb7 8. Bd3
c5 9. d5 Bd6 10. Nh5 exd5 11. cxd5 Be5 12. O-O Bxc3 13. bxc3 g6 14. Nxf6+ Qxf6
15. Qb3 c4 16. Bxc4 Rc8 17. Bb2 Qf5 18. Rfd1 Rc5 19. Rd4 Qg5 20. Rad1 d6 21. a4
Nd7 22. Ba3 Rac8 23. Bxc5 Nxc5 24. Qb4 Qd8 25. h4 h5 26. Be2 Ba6 27. Bxa6 Nxa6
28. Qb5 Nc5 29. g3 Nd7 30. Rc1 Ne5 31. Kg2 Rc5 32. Qe2 Qd7 33. e4 Ra5 34. Qd1
Rc5 35. Qb3 Ra5 36. Re1 Qg4 37. Re3 Qd7 38. f4 Ng4 39. Re2 f6 40. Rc4 Nh6 41.
Rc6 Nf7 42. Qc4 Kg7 43. e5 fxe5 44. fxe5 dxe5 45. Rc7 1-0

[Event "Barbera del Valles"]
[Site "XXXI Open del Valles"]
[Date "2008.07.04"]
[Round "1"]
[White "Chalmeta Ugas, Ramon"]
[Black "Rojas, Luis"]
[Result "1/2-1/2"]
[WhiteElo "2175"]
[BlackElo "2406"]
[PlyCount "146"]
[EventDate "2008.07.??"]
[EventType "swiss"]
[EventRounds "9"]
[EventCountry "ESP"]
[SourceDate "2008.07.04"]

1. e4 g6 2. d4 Bg7 3. c4 d6 4. Nc3 Nc6 5. Be3 e5 6. d5 Nce7 7. Qd2 f5 8. f4
exf4 9. Bxf4 Nf6 10. e5 dxe5 11. Bxe5 O-O 12. Nf3 c5 13. Bd3 h6 14. O-O g5 15.
Qc2 Ng4 16. Bxg7 Kxg7 17. Rae1 f4 18. Nd1 Nf5 19. Bxf5 Bxf5 20. Qc3+ Qf6 21.
Qb3 Qf7 22. h3 Nf6 23. Re5 Ne4 24. Nf2 Rae8 25. Nxe4 Bxe4 26. Re1 Bxf3 27. Qxf3
Rxe5 28. Rxe5 Re8 29. Qe4 Rxe5 30. Qxe5+ Qf6 31. Qc7+ Kg6 32. Qxc5 Qxb2 33.
Qd6+ Kh5 34. Qe6 Qd4+ 35. Kh2 Qxc4 36. Qg4+ Kg6 37. d6 Kf6 38. Qd7 Qc6 39. Qh7
Qxd6 40. Qxh6+ Ke5 41. Qxg5+ Ke4 42. Qg4 Ke3 43. Qf3+ Kd2 44. h4 b5 45. h5 b4
46. g3 fxg3+ 47. Qxg3 Qf6 48. Qg6 Qf4+ 49. Kh3 Qf3+ 50. Kh4 Qf4+ 51. Qg4 Qh2+
52. Kg5 a5 53. h6 Kc3 54. Qf5 Qg3+ 55. Kh5 Qh2+ 56. Kg6 Qxa2 57. Qf3+ Kb2 58.
h7 Qb1+ 59. Qf5 Qg1+ 60. Qg5 Qb1+ 61. Kg7 a4 62. h8=Q b3 63. Qd2+ Qc2 64. Kf7+
Ka2 65. Qxc2+ bxc2 66. Qc3 Kb1 67. Qb4+ Ka2 68. Qxa4+ Kb2 69. Qb4+ Ka2 70. Qc4+
Kb2 71. Qb4+ Ka2 72. Qc3 Kb1 73. Qb3+ Ka1 1/2-1/2

[Event "Barbera del Valles"]
[Site "XXXI Open del Valles"]
[Date "2008.07.04"]
[Round "1"]
[White "Matnadze, Ana"]
[Black "Losada Cabrera, Francisco Javier"]
[Result "1-0"]
[WhiteElo "2411"]
[BlackElo "2165"]
[PlyCount "113"]
[EventDate "2008.07.??"]
[EventType "swiss"]
[EventRounds "9"]
[EventCountry "ESP"]
[SourceDate "2008.07.04"]

1. d4 c5 2. dxc5 g6 3. c3 Nf6 4. g3 Bg7 5. Bg2 O-O 6. e4 Qc7 7. b4 a5 8. Bf4
Qc6 9. Bxb8 Rxb8 10. Nd2 b6 11. a4 Bb7 12. Ne2 bxc5 13. b5 Qc7 14. O-O d5 15.
exd5 Bxd5 16. Bxd5 Nxd5 17. Qc2 Nb6 18. Nb3 Nc4 19. Rad1 Rfd8 20. Qe4 Ne5 21.
f4 Ng4 22. c4 Rxd1 23. Rxd1 Rd8 24. Rxd8+ Qxd8 25. Qd5 Qc8 26. b6 e6 27. b7 Qc7
28. Qf3 Qb6 29. Kg2 Bf8 30. h3 Nf6 31. Nxa5 Nd7 32. Nc6 Bd6 33. a5 Qa6 34. Nc3
Kf8 35. Nb5 Bb8 36. h4 Qxb7 37. Ne5 Qxf3+ 38. Nxf3 Ke7 39. Nd2 f5 40. Nb3 Bd6
41. a6 Nb6 42. a7 Kd7 43. Kf3 Be7 44. g4 Na8 45. g5 Kc6 46. Nc1 Bf8 47. h5 gxh5
48. Kg3 Nb6 49. Nd3 Kb7 50. Ne5 Be7 51. Kh4 h6 52. Kxh5 hxg5 53. fxg5 Nc8 54.
Nc6 Bxg5 55. Kxg5 Nb6 56. Nd8+ Ka8 57. Nxe6 1-0

[Event "Barbera del Valles"]
[Site "XXXI Open del Valles"]
[Date "2008.07.04"]
[Round "1"]
[White "Villa Izquierdo, Roberto"]
[Black "Asis Gargatagli, Hipolit"]
[Result "0-1"]
[WhiteElo "2161"]
[BlackElo "2396"]
[PlyCount "54"]
[EventDate "2008.07.??"]
[EventType "swiss"]
[EventRounds "9"]
[EventCountry "ESP"]
[SourceDate "2008.07.04"]

1. d4 d5 2. Nf3 Nc6 3. Bf4 Nf6 4. e3 Nh5 5. Ne5 Nxf4 6. exf4 Nxe5 7. fxe5 Bf5
8. Bd3 Bxd3 9. Qxd3 Qd7 10. O-O e6 11. f4 g6 12. Nd2 Bg7 13. b4 O-O 14. g4 f6
15. g5 fxg5 16. fxg5 Rxf1+ 17. Rxf1 Qe7 18. h4 Qxb4 19. Rb1 Qe7 20. Rxb7 Rf8
21. Rxa7 Bxe5 22. Qe3 Bf4 23. Qe2 Qf7 24. Nf3 Bd6 25. Kg2 Qf4 26. Qxe6+ Kh8 27.
Qh3 Qe3 0-1

[Event "Barbera del Valles"]
[Site "XXXI Open del Valles"]
[Date "2008.07.04"]
[Round "1"]
[White "Mihailovs, Jurijs"]
[Black "Leroy, Christophe"]
[Result "1/2-1/2"]
[WhiteElo "2388"]
[BlackElo "2157"]
[PlyCount "144"]
[EventDate "2008.07.??"]
[EventType "swiss"]
[EventRounds "9"]
[EventCountry "ESP"]
[SourceDate "2008.07.04"]

1. d4 Nf6 2. c4 g6 3. Nc3 Bg7 4. e4 d6 5. f3 O-O 6. Be3 Nc6 7. Nge2 a6 8. Qd2
Rb8 9. Nc1 e5 10. d5 Nd4 11. N1e2 c5 12. dxc6 bxc6 13. Nxd4 exd4 14. Bxd4 d5
15. cxd5 cxd5 16. e5 Re8 17. Be2 Nd7 18. f4 Bh6 19. O-O Nxe5 20. b3 Nc6 21. Bf2
d4 22. Na4 Qd6 23. Bg3 Bf5 24. Bf3 d3 25. Rae1 Nd4 26. Bd1 Bf8 27. Nb2 Ne2+ 28.
Bxe2 dxe2 29. Rxe2 Red8 30. Qxd6 Rxd6 31. h3 Rbd8 32. Rfe1 f6 33. Bf2 Rd5 34.
g4 Bd7 35. Nc4 Rd3 36. Re3 Bc6 37. Kh2 Bb4 38. Rxd3 Rxd3 39. Re6 Bd5 40. Rxf6
Rf3 41. Bd4 Rf1 42. Bg1 Rc1 43. Ne3 Bf3 44. Bf2 a5 45. Kg3 Be4 46. Ra6 Ra1 47.
Re6 Bb7 48. a4 Rb1 49. f5 gxf5 50. Nxf5 Rxb3+ 51. Kh4 Rf3 52. Bd4 Kf7 53. Re2
Ba6 54. Nh6+ Kf8 55. Re3 Be7+ 56. Kh5 Rxe3 57. Bxe3 Bd3 58. Nf5 Bc2 59. Kh6
Bxa4 60. Kxh7 Bc2 61. Bd4 a4 62. Kh6 Bb4 63. Ne3 Bd2 64. g5 Be4 65. Nc4 Bc1 66.
Bc5+ Kg8 67. h4 Bd3 68. Ne5 Bc2 69. Nc4 Bd3 70. Na3 Bb2 71. Kh5 Be2+ 72. Kh6
Bd3 1/2-1/2

[Event "Barbera del Valles"]
[Site "XXXI Open del Valles"]
[Date "2008.07.04"]
[Round "1"]
[White "Alonso Moyano, Jonathan"]
[Black "Hernandez Casillas, Joan Josep"]
[Result "1-0"]
[WhiteElo "2372"]
[BlackElo "2150"]
[PlyCount "73"]
[EventDate "2008.07.??"]
[EventType "swiss"]
[EventRounds "9"]
[EventCountry "ESP"]
[SourceDate "2008.07.04"]

1. e4 e5 2. Bc4 Nc6 3. Nc3 Nf6 4. d3 Be7 5. f4 exf4 6. Bxf4 d6 7. h3 O-O 8.
Nge2 Na5 9. Bb3 Nxb3 10. cxb3 c6 11. O-O Nh5 12. Bh2 g6 13. d4 Ng7 14. d5 c5
15. a4 Bf6 16. Nb5 Ne8 17. Nxd6 Nxd6 18. e5 Bg7 19. exd6 Bxb2 20. Ra2 Bg7 21.
Qc1 b6 22. Nc3 a6 23. Kh1 Bb7 24. a5 b5 25. Ne4 Bxd5 26. Nxc5 Rc8 27. Qe3 Qh4
28. Rd2 Ba8 29. d7 Rcd8 30. Kg1 Bh6 31. Bf4 g5 32. Qg3 Qxg3 33. Bxg3 g4 34. Bf4
Bg7 35. Bc7 Bc3 36. Rd3 Bb4 37. Nxa6 1-0

[Event "Barbera del Valles"]
[Site "XXXI Open del Valles"]
[Date "2008.07.04"]
[Round "1"]
[White "Debray, Tristan"]
[Black "Vilela, Jose Luis"]
[Result "1-0"]
[WhiteElo "2145"]
[BlackElo "2347"]
[PlyCount "107"]
[EventDate "2008.07.??"]
[EventType "swiss"]
[EventRounds "9"]
[EventCountry "ESP"]
[SourceDate "2008.07.04"]

1. e4 c5 2. Nc3 e6 3. g3 Nc6 4. Bg2 g6 5. d3 Bg7 6. Be3 Qa5 7. Qd2 Nd4 8. f4 d6
9. Nh3 Ne7 10. O-O Bd7 11. Rae1 O-O 12. Nd5 Nec6 13. Ne7+ Kh8 14. Nxc6 Qxd2 15.
Bxd2 Nxc6 16. c3 Ne7 17. g4 f6 18. f5 e5 19. Nf2 Rad8 20. h4 gxf5 21. gxf5 Ng8
22. Ng4 h5 23. Ne3 Bh6 24. Bf3 Be8 25. Rf2 Ne7 26. Nf1 Rg8+ 27. Kh2 Bxd2 28.
Rxd2 Kh7 29. Ng3 Kh6 30. Red1 Nc6 31. a3 a5 32. Nf1 Bf7 33. Ne3 b5 34. Rg2 Ra8
35. Rxg8 Rxg8 36. Rg1 Ra8 37. Nd5 b4 38. Nxf6 bxa3 39. bxa3 Rb8 40. Bd1 Ne7 41.
Ba4 Rb2+ 42. Rg2 Rb1 43. Be8 Bb3 44. Nxh5 Bd1 45. Ng7 Bf3 46. Rg5 Ng8 47. Ne6
Kh7 48. Nf8+ Kh8 49. Nd7 c4 50. dxc4 Nh6 51. f6 Bxe4 52. Rh5 Rh1+ 53. Kg3 Rg1+
54. Kf2 1-0

[Event "Barbera del Valles"]
[Site "XXXI Open del Valles"]
[Date "2008.07.04"]
[Round "1"]
[White "Ryan, Joseph"]
[Black "Ridameya Tatche, Jose Miguel"]
[Result "1-0"]
[WhiteElo "2331"]
[BlackElo "2133"]
[PlyCount "89"]
[EventDate "2008.07.??"]
[EventType "swiss"]
[EventRounds "9"]
[EventCountry "ESP"]
[SourceDate "2008.07.04"]

1. e4 e5 2. Nf3 Nc6 3. d4 exd4 4. Bc4 Nf6 5. e5 d5 6. Bb5 Ne4 7. Nxd4 Bc5 8.
Be3 O-O 9. Nxc6 bxc6 10. Bxc5 Nxc5 11. Bxc6 Ba6 12. Nc3 Qg5 13. Qd4 Ne6 14. Qe3
d4 15. Qxg5 Nxg5 16. Ne4 Nxe4 17. Bxe4 Rab8 18. O-O-O c5 19. f4 Rfe8 20. h4 Rb6
21. Rh3 Bc8 22. Ra3 Bb7 23. Bxb7 Rxb7 24. Ra5 Rc7 25. Ra6 Kf8 26. Kd2 Rb8 27.
Kc1 Rcb7 28. b3 Rc7 29. Kb2 Ke7 30. c3 Rd8 31. c4 Rb8 32. Kc2 Rb6 33. Rxb6 axb6
34. Kd3 g6 35. Ke4 Rd7 36. g4 f6 37. Rd3 h5 38. gxh5 f5+ 39. Kf3 gxh5 40. Ke2
Kf7 41. Rg3 Ra7 42. Kd3 Ra8 43. Rg5 Rg8 44. Rxg8 Kxg8 45. b4 1-0

[Event "Barbera del Valles"]
[Site "XXXI Open del Valles"]
[Date "2008.07.04"]
[Round "1"]
[White "Moreto Quintana, Alex"]
[Black "Douriet, Alexis"]
[Result "0-1"]
[WhiteElo "2124"]
[BlackElo "2315"]
[PlyCount "94"]
[EventDate "2008.07.??"]
[EventType "swiss"]
[EventRounds "9"]
[EventCountry "ESP"]
[SourceDate "2008.07.04"]

1. d4 Nf6 2. c4 g6 3. Nc3 Bg7 4. e4 d6 5. Nf3 O-O 6. Be2 Bg4 7. Be3 Nfd7 8. Rc1
e5 9. d5 f5 10. h3 Bxf3 11. Bxf3 a5 12. a3 Na6 13. Rb1 Nac5 14. b4 axb4 15.
axb4 Ra3 16. Nb5 Rxe3+ 17. fxe3 Qh4+ 18. Kd2 Nxe4+ 19. Bxe4 Qxe4 20. Qe2 Nb6
21. Kc3 f4 22. Rhf1 fxe3 23. Rxf8+ Bxf8 24. Rd1 c6 25. dxc6 Qxc6 26. Kb3 d5 27.
cxd5 Nxd5 28. Qf3 Nxb4 29. Qxc6 Nxc6 30. Kc4 Bb4 31. Kd3 Bd2 32. Nd6 Nb4+ 33.
Ke2 Nd5 34. Rxd2 exd2 35. g3 b6 36. Nc4 e4 37. Nxd2 e3 38. Nf3 Kg7 39. Kd3 Kf6
40. Ke4 Ke6 41. Nd4+ Kd6 42. Nb5+ Kc5 43. Nd4 Kc4 44. Nc2 b5 45. Na3+ Kc5 46.
Kd3 b4 47. Nc2 e2 0-1

[Event "Barbera del Valles"]
[Site "XXXI Open del Valles"]
[Date "2008.07.04"]
[Round "1"]
[White "Guramishvili, Sopiko"]
[Black "Bardera Gil, Sergi"]
[Result "1/2-1/2"]
[WhiteElo "2302"]
[BlackElo "2101"]
[PlyCount "113"]
[EventDate "2008.07.??"]
[EventType "swiss"]
[EventRounds "9"]
[EventCountry "ESP"]
[SourceDate "2008.07.04"]

1. d4 d5 2. c4 c6 3. Nf3 Nf6 4. Nc3 e6 5. Bg5 Nbd7 6. cxd5 exd5 7. e3 Qa5 8.
Nd2 Bb4 9. Qc2 O-O 10. Bd3 h6 11. Bh4 Qc7 12. O-O-O b5 13. g4 Bxc3 14. Qxc3 Ba6
15. Qa3 Qb6 16. Nb3 Bb7 17. Qd6 c5 18. dxc5 Nxc5 19. Qxb6 Nxd3+ 20. Rxd3 axb6
21. Bxf6 gxf6 22. Nd4 Rxa2 23. Ra3 Rc8+ 24. Kb1 Rxa3 25. bxa3 Rc5 26. Rd1 Kh7
27. Kb2 Ba8 28. h4 Bb7 29. Rg1 Bc8 30. f3 Bd7 $11 31. Rd1 Be6 32. Kb3 Bd7 33.
Kb2 Be6 34. Rh1 Kg6 35. Rg1 Kg7 36. f4 Bc8 37. f5 Bb7 38. Ra1 Rc4 39. Kb3 Ba6
40. Rg1 Rc5 41. g5 fxg5 42. hxg5 hxg5 43. Rxg5+ Kf6 44. Rh5 Kg7 45. f6+ Kg6 46.
Rf5 Bc8 47. Rf4 Bd7 48. Nf3 Be6 49. Ne5+ Kg5 50. Kb4 Kh5 51. Nd3 Rc4+ 52. Kxb5
Rc3 53. Rd4 Kg5 54. a4 Bd7+ 55. Kxb6 Bxa4 56. Ne5 Bb3 57. Nxf7+ 1/2-1/2

[Event "Barbera del Valles"]
[Site "XXXI Open del Valles"]
[Date "2008.07.04"]
[Round "1"]
[White "Companyo Pagerols, Josep Maria"]
[Black "Gomez Jurado, Luis Alberto"]
[Result "0-1"]
[WhiteElo "2094"]
[BlackElo "2299"]
[PlyCount "116"]
[EventDate "2008.07.??"]
[EventType "swiss"]
[EventRounds "9"]
[EventCountry "ESP"]
[SourceDate "2008.07.04"]

1. f4 d5 2. Nf3 d4 3. b3 g6 4. Bb2 Bg7 5. c3 Nc6 6. cxd4 Nxd4 7. Nxd4 Bxd4 8.
Qc1 Nf6 9. e3 Bxb2 10. Qxb2 O-O 11. Be2 Bf5 12. Nc3 c6 13. d4 Qd7 14. Bf3 Qe6
15. Qe2 Nd5 16. Bxd5 cxd5 17. O-O Rac8 18. Rac1 Rc6 19. Na4 b6 20. Qd2 Rfc8 21.
Rc3 h5 22. Rfc1 Kg7 23. Rxc6 Rxc6 24. Rxc6 Qxc6 25. Qc3 $11 Qe6 26. Kf2 Be4 27.
h3 Qf6 28. Kg1 g5 29. Qc7 gxf4 30. Qxf4 Qxf4 31. exf4 Kf6 32. Kf2 Kf5 33. g3 e6
34. Nc3 Bd3 35. Kf3 f6 36. a3 e5 37. Ke3 exd4+ 38. Kxd4 Bf1 39. Nxd5 Bxh3 40.
Ne3+ Ke6 41. Ke4 Kd6 42. f5 Kc5 43. b4+ Kc6 44. Kd4 Kb5 45. Kc3 a5 46. Kb3 axb4
47. axb4 Kc6 $11 48. Kc4 Kd6 49. Kb5 Ke5 50. Kxb6 Ke4 51. Nc4 Kf3 52. Kc5 Kxg3
53. b5 Bg2 54. Nb6 h4 55. Nd5 Bxd5 56. Kxd5 h3 57. Ke6 h2 58. Kxf6 h1=Q 0-1

[Event "Barbera del Valles"]
[Site "XXXI Open del Valles"]
[Date "2008.07.04"]
[Round "1"]
[White "Palacios Pena, Gerardo"]
[Black "Mestre Bellido, Hector"]
[Result "0-1"]
[WhiteElo "2034"]
[BlackElo "2284"]
[PlyCount "94"]
[EventDate "2008.07.??"]
[EventType "swiss"]
[EventRounds "9"]
[EventCountry "ESP"]
[SourceDate "2008.07.04"]

1. d4 d5 2. Nf3 Nf6 3. Bf4 c6 4. c3 Bg4 5. Nbd2 Nbd7 6. Qb3 Qb6 7. h3 Bh5 8. e3
e6 9. Bd3 Be7 10. Ne5 Nxe5 11. Bxe5 Bg6 12. Bxg6 hxg6 13. Qxb6 axb6 14. Bxf6
gxf6 15. e4 dxe4 16. Nxe4 e5 17. dxe5 fxe5 18. a3 O-O-O 19. Rd1 Rd7 20. Rxd7
Kxd7 21. Ke2 Ke6 22. Rd1 Rh4 23. f3 f5 24. Nf2 Bd6 25. Rd2 Bc7 26. Rd1 Bd6 27.
Rd2 Be7 28. Rd1 Ra4 29. Rd2 Ra5 30. Rd1 Rd5 31. g3 Bd6 32. Rxd5 Kxd5 33. g4 Kc4
34. h4 Kb3 35. h5 gxh5 36. gxf5 Kxb2 37. Ne4 Bxa3 38. f6 b5 39. Kd3 h4 40. Ng5
Kb3 41. f7 Be7 42. Nh3 c5 43. Ke4 Kxc3 44. Kxe5 b4 45. Ke6 Bf8 46. Ng5 b3 47.
Ne4+ Kc2 0-1

[Event "Barbera del Valles"]
[Site "XXXI Open del Valles"]
[Date "2008.07.04"]
[Round "1"]
[White "Lasinskas, Povilas"]
[Black "Costa Trave, Jaume"]
[Result "1-0"]
[WhiteElo "2269"]
[BlackElo "2027"]
[PlyCount "119"]
[EventDate "2008.07.??"]
[EventType "swiss"]
[EventRounds "9"]
[EventCountry "ESP"]
[SourceDate "2008.07.04"]

1. d4 d5 2. Bg5 Bf5 3. e3 Nc6 4. c4 Nf6 5. Bxf6 exf6 6. Nc3 Bb4 7. Qb3 dxc4 8.
Bxc4 O-O 9. Nf3 Qe7 10. O-O Na5 11. Nd5 Nxb3 12. Nxe7+ Bxe7 13. Bxb3 Rad8 14.
Rac1 c6 15. h3 Rfe8 16. Rfd1 Be4 17. Bc2 Bd5 18. Nd2 Bb4 19. a3 Bxd2 20. Rxd2
g6 21. b4 f5 22. g3 Re7 23. Bd3 a6 24. Bc4 Bf3 25. Bf1 Kg7 26. a4 Be4 27. Rb2
g5 28. b5 axb5 29. axb5 f4 30. bxc6 Bxc6 31. Rc3 Rde8 32. Rbb3 Rd8 33. Ra3 h5
34. Ra5 Kh6 35. Bg2 f3 36. Bf1 Rd5 37. Ra8 Kg7 38. Ra7 Rdd7 39. Bd3 Be4 40.
Bxe4 Rxe4 41. Rc8 h4 42. Kh2 Re6 43. Rc5 Rg6 44. Rf5 Kh6 45. Rxf3 Rb6 46. gxh4
gxh4 47. Rf4 Kh5 48. Ra5+ Kg6 49. Rxh4 Rb2 50. Kg2 f5 51. Rf4 Rf7 52. Kf3 b5
53. Ra6+ Kg5 54. h4+ Kh5 55. d5 Rd2 56. d6 Rd5 57. Rb6 Rf6 58. Rd4 Re5 59. d7
f4 60. Rxf6 1-0

[Event "Barbera del Valles"]
[Site "XXXI Open del Valles"]
[Date "2008.07.04"]
[Round "1"]
[White "Albets Armengol, Roland"]
[Black "Capellades Subirana, Marc"]
[Result "0-1"]
[WhiteElo "1979"]
[BlackElo "2265"]
[PlyCount "50"]
[EventDate "2008.07.??"]
[EventType "swiss"]
[EventRounds "9"]
[EventCountry "ESP"]
[SourceDate "2008.07.04"]

1. d4 Nf6 2. Nc3 d5 3. e4 dxe4 4. f3 Bf5 5. fxe4 Nxe4 6. Qf3 Nd6 7. Bf4 e6 8.
O-O-O c6 9. g4 Bg6 10. h4 h5 11. g5 Nf5 12. Nge2 Nd7 13. Ng3 Qa5 14. Nxf5 Bxf5
15. Bh3 Bg6 16. d5 cxd5 17. Nxd5 Rc8 18. Nc3 Bb4 19. Rxd7 Bxc3 20. Re7+ Kf8 21.
Qxb7 Bxb2+ 22. Kd1 Qc3 23. Rc7 Bxc2+ 24. Ke2 Qd3+ 25. Kf2 Bd4+ 0-1

[Event "Barbera del Valles"]
[Site "XXXI Open del Valles"]
[Date "2008.07.05"]
[Round "2"]
[White "Bruzon Batista, Lazaro"]
[Black "Alonso Moyano, Jonathan"]
[Result "1-0"]
[WhiteElo "2592"]
[BlackElo "2372"]
[PlyCount "65"]
[EventDate "2008.07.??"]
[EventType "swiss"]
[EventRounds "9"]
[EventCountry "ESP"]
[SourceDate "2008.07.04"]

1. e4 c5 2. Ne2 e6 3. d4 cxd4 4. Nxd4 a6 5. Bd3 g6 6. O-O Bg7 7. Nb3 d6 8. c4
Ne7 9. Nc3 O-O 10. Bg5 b6 11. Qd2 Bb7 12. Rfd1 Qc7 13. Bf1 Nc8 14. Rac1 f5 15.
Nd4 Qf7 16. exf5 gxf5 17. Bh6 Nc6 18. Bxg7 Kxg7 19. f4 Nxd4 20. Qxd4+ Qf6 21.
Qe3 Bc6 22. Re1 Re8 23. Rcd1 Ra7 24. b4 Rc7 25. Ne2 Kh8 26. Ng3 Qh4 27. b5 axb5
28. Qc3+ Rg7 29. cxb5 Bd7 30. Nxf5 exf5 31. Rxe8+ Bxe8 32. Qxc8 Qe7 33. Qc3 1-0